| 000 | 02064cam a2200397 a 4500 | ||
|---|---|---|---|
| 001 | 15178147 | ||
| 005 | 20080911145025.0 | ||
| 008 | 080212s2008 enka b 001 0 eng | ||
| 010 | _a 2008006274 | ||
| 015 |
_aGBA854308 _2bnb |
||
| 016 | 7 |
_a014583882 _2Uk |
|
| 020 | _a9780521880015 (hbk. : alk. paper) | ||
| 020 | _a9780521705837 (pbk. : alk. paper) | ||
| 035 | _a(OCoLC)ocn191856075 | ||
| 035 | _a(OCoLC)191856075 | ||
| 040 |
_aDLC _cDLC _dDLC |
||
| 050 | 0 | 0 |
_aJA83 _b.N64 2008 |
| 082 | 0 | 0 |
_a327.1 _222 _bNOE |
| 100 | 1 |
_aNoel, Alain, _d1958 Dec. 13- _95506 |
|
| 245 | 1 | 0 |
_aLeft and right in global politics / _cAlain Noel and Jean-Philippe Therien. |
| 260 |
_aCambridge, UK : _bCambridge University Press, _cc2008. |
||
| 300 |
_aix, 251 p. : _bill. ; _c24 cm. |
||
| 504 | _aIncludes bibliographical references and index. | ||
| 505 | 0 | _aA clash over equality -- A worldwide value divide -- Two tales of globalization -- The rise of the modern state system (1776-1945) -- The age of universality (1945-1980) -- The triumph of market democracy (1980-2007) -- Twenty-first-century rapprochement -- The core currency of political exchange. | |
| 650 | 0 |
_aRight and left (Political science) _xHistory. _95507 |
|
| 650 | 0 |
_aConservatism _xHistory. _95508 |
|
| 650 | 0 |
_aLiberalism _xHistory. _95509 |
|
| 650 | 0 |
_aWorld politics _xHistory. _95510 |
|
| 700 | 1 |
_aTherien, Jean-Philippe. _95511 |
|
| 856 | 4 | 2 |
_3Contributor biographical information _uhttp://www.loc.gov/catdir/enhancements/fy0810/2008006274-b.html |
| 856 | 4 | 2 |
_3Publisher description _uhttp://www.loc.gov/catdir/enhancements/fy0810/2008006274-d.html |
| 856 | 4 | 1 |
_3Table of contents only _uhttp://www.loc.gov/catdir/enhancements/fy0810/2008006274-t.html |
| 942 |
_2ddc _cBB |
||
| 999 |
_c11665 _d11665 |
||